000 00419cam a2200169ua 4500
020 _c99.00
041 _aeng
_h
082 _a004.68
_bDOR/AB
100 _aDortch, Michael .
245 _aABC`s of local area network /
_cMichael Dortch.
_hTextual Documents
260 _aNew Delhi :
_bB P B Publishers ,
_c1990.
300 _a212 ; .
365 _a99.00
504 _a
942 _cBK
999 _c9099
_d9099